[Event "WCO2014"]
[Site "Tromso"]
[Date "2014.08.09"]
[Round "7.40"]
[WhiteID "6800165"]
[White "Van Rensselaer William"]
[BlackID "16000080"]
[Black "Kabera Godfrey"]
[Result "1/2-1/2"]
[LiveChessVersion "1.4.3"]
[BlackElo "1909"]
[WhiteElo "1908"]

1. d4 {[%clk 1:30:58]} d5 {[%clk 1:30:33]} 2. Nf3 {[%clk 1:31:12]} Nf6
{[%clk 1:30:49]} 3. Bf4 {[%clk 1:31:35]} e6 {[%clk 1:30:45]} 4. e3
{[%clk 1:31:59]} Nbd7 {[%clk 1:30:58]} 5. Bd3 {[%clk 1:32:23]} b6
{[%clk 1:31:03]} 6. Nbd2 {[%clk 1:32:45]} Bb7 {[%clk 1:31:18]} 7. c3
{[%clk 1:33:04]} Be7 {[%clk 1:30:57]} 8. Ne5 {[%clk 1:33:18]} a6 {[%clk 1:30:21]}
9. h3 {[%clk 1:33:11]} h6 {[%clk 1:18:16]} 10. O-O {[%clk 1:33:17]} O-O
{[%clk 1:13:53]} 11. Bh2 {[%clk 1:24:02]} Nxe5 {[%clk 1:09:04]} 12. dxe5
{[%clk 1:24:07]} Nd7 {[%clk 1:08:48]} 13. Qh5 {[%clk 1:15:53]} Nc5
{[%clk 1:05:36]} 14. Bc2 {[%clk 1:16:11]} Bc6 {[%clk 0:58:54]} 15. f4
{[%clk 1:07:24]} Be8 {[%clk 0:48:14]} 16. Qg4 {[%clk 1:05:15]} Bb5
{[%clk 0:46:34]} 17. Rfd1 {[%clk 0:55:35]} Bd7 {[%clk 0:40:38]} 18. Nf3
{[%clk 0:52:19]} b5 {[%clk 0:35:01]} 19. Nd4 {[%clk 0:50:47]} f5 {[%clk 0:21:36]}
20. exf6 {[%clk 0:47:09]} Bxf6 {[%clk 0:21:31]} 21. Qg6 {[%clk 0:43:55]} Be8
{[%clk 0:19:29]} 22. Qh7+ {[%clk 0:42:32]} Kf7 {[%clk 0:18:23]} 23. b4
{[%clk 0:33:05]} Na4 {[%clk 0:16:40]} 24. Bxa4 {[%clk 0:16:56]} bxa4
{[%clk 0:16:47]} 25. f5 {[%clk 0:16:39]} exf5 {[%clk 0:12:22]} 26. Qxf5
{[%clk 0:16:04]} Qd7 {[%clk 0:09:59]} 27. Qxd7+ {[%clk 0:15:03]} Bxd7
{[%clk 0:10:27]} 28. Bxc7 {[%clk 0:15:21]} Rfc8 {[%clk 0:10:35]} 29. Bd6
{[%clk 0:09:04]} Rxc3 {[%clk 0:10:40]} 30. Kf2 {[%clk 0:07:54]} Re8
{[%clk 0:10:13]} 31. Re1 {[%clk 0:06:58]} Bg5 {[%clk 0:06:56]} 32. Bf4
{[%clk 0:06:36]} Bh4+ {[%clk 0:06:52]} 33. g3 {[%clk 0:06:38]} Bf6
{[%clk 0:06:54]} 34. Rac1 {[%clk 0:04:10]} Rec8 {[%clk 0:03:56]} 35. Rxc3
{[%clk 0:03:57]} Rxc3 {[%clk 0:04:22]} 36. Bd6 {[%clk 0:02:42]} Bxh3
{[%clk 0:04:06]} 37. Re2 {[%clk 0:02:52]} Bg4 {[%clk 0:03:34]} 38. Rd2
{[%clk 0:02:39]} Bg5 {[%clk 0:02:46]} 39. Bf4 {[%clk 0:01:43]} Bf6
{[%clk 0:01:18]} 40. Bd6 {[%clk 0:00:31]} Bd7 {[%clk 0:00:33]} 41. Ne2
{[%clk 0:27:45]} Rc6 {[%clk 0:27:31]} 42. Bc5 {[%clk 0:26:19]} Be6
{[%clk 0:22:19]} 43. Nf4 {[%clk 0:24:58]} a5 {[%clk 0:18:52]} 44. Nxd5
{[%clk 0:20:17]} Bxd5 {[%clk 0:18:03]} 45. Rxd5 {[%clk 0:20:28]} axb4
{[%clk 0:18:20]} 46. Bxb4 {[%clk 0:20:33]} Rc2+ {[%clk 0:15:59]} 47. Rd2
{[%clk 0:20:52]} Rxd2+ {[%clk 0:14:21]} 48. Bxd2 {[%clk 0:21:13]} a3
{[%clk 0:14:38]} 49. Kf3 {[%clk 0:18:58]} Ke6 {[%clk 0:14:44]} 50. Ke4
{[%clk 0:19:10]} h5 {[%clk 0:12:05]} 51. Bb4 {[%clk 0:18:54]} Bb2
{[%clk 0:11:34]} 52. Bc5 {[%clk 0:16:55]} g5 {[%clk 0:10:15]} 53. Bb4
{[%clk 0:13:56]} h4 {[%clk 0:05:51]} 54. g4 {[%clk 0:11:42]} h3 {[%clk 0:05:40]}
55. Kf3 {[%clk 0:12:02]} Kd5 {[%clk 0:03:03]} 56. Be7 {[%clk 0:12:14]} h2
{[%clk 0:02:53]} 57. Kg2 {[%clk 0:12:39]} Ke4 {[%clk 0:02:31]} 58. Bxg5
{[%clk 0:12:56]} h1=Q+ 59. Kxh1 {[%clk 0:13:13]} Kf3 {[%clk 0:02:25]} 60. Be7
{[%clk 0:11:05]} Kxg4 {[%clk 0:02:47]} 61. Kg2 {[%clk 0:11:10]} Kf5
{[%clk 0:02:47]} 62. Kf3 {[%clk 0:11:23]} Ke6 {[%clk 0:02:29]} 63. Bf8
{[%clk 0:09:19]} Kd5 {[%clk 0:02:05]} 64. Ke2 {[%clk 0:09:10]} Bc1
{[%clk 0:01:20]} 65. Kd3 {[%clk 0:08:45]} Ke5 {[%clk 0:01:15]} 66. e4
{[%clk 0:08:17]} Ke6 {[%clk 0:01:29]} 67. Bc5 {[%clk 0:07:10]} Bb2
{[%clk 0:01:26]} 68. Be3 {[%clk 0:06:58]} Ke5 {[%clk 0:01:38]} 69. Bh6
{[%clk 0:06:51]} Ke6 {[%clk 0:02:02]} 70. Bf4 {[%clk 0:06:48]} Kf6
{[%clk 0:02:10]} 71. Kc4 {[%clk 0:06:51]} Ke6 {[%clk 0:02:22]} 72. Kb3
{[%clk 0:06:44]} Kd7 {[%clk 0:02:30]} 73. Kc4 {[%clk 0:04:26]} Ke6
{[%clk 0:02:47]} 74. Bg3 {[%clk 0:04:30]} Ba1 {[%clk 0:02:22]} 75. Kb3
{[%clk 0:04:27]} Bb2 {[%clk 0:02:47]} 76. Bf4 {[%clk 0:04:35]} Kd7
{[%clk 0:03:09]} 77. Bd2 {[%clk 0:04:29]} Ke6 {[%clk 0:03:33]} 78. Bb4
{[%clk 0:04:44]} Bd4 {[%clk 0:02:12]} 79. Kxa3 {[%clk 0:04:03]} Ke5
{[%clk 0:02:15]} 80. Ka4 {[%clk 0:04:27]} Kxe4 {[%clk 0:02:03]} 81. Kb5
{[%clk 0:04:52]} Kd5 {[%clk 0:02:06]} 82. a4 {[%clk 0:05:03]} Be3
{[%clk 0:02:08]} 83. a5 {[%clk 0:05:17]} Bd4 {[%clk 0:00:46]} 84. a6
{[%clk 0:05:40]} Ba7 {[%clk 0:01:04]} 85. Ba5 {[%clk 0:05:17]} Kd6
{[%clk 0:01:18]} 86. Bb6 {[%clk 0:05:33]} Bb8 {[%clk 0:01:40]} 87. Bf2
{[%clk 0:02:57]} Kc7 {[%clk 0:00:44]} 88. Bg3+ {[%clk 0:03:17]} Kc8
{[%clk 0:01:12]} 89. Kc6 {[%clk 0:03:28]} Ba7 {[%clk 0:00:55]} 1/2-1/2

[Event "WCO2014"]
[Site "Tromso"]
[Date "2014.08.09"]
[Round "7.39"]
[WhiteID "16000013"]
[White "Murara Maxence"]
[BlackID "3100073"]
[Black "Massana Jorge"]
[Result "0-1"]
[LiveChessVersion "1.4.3"]
[BlackElo "2180"]
[WhiteElo "1729"]

1. d4 {[%clk 1:30:49]} Nf6 {[%clk 1:30:51]} 2. c4 {[%clk 1:31:09]} e6
{[%clk 1:31:11]} 3. Nc3 {[%clk 1:31:29]} d5 {[%clk 1:31:05]} 4. Nf3
{[%clk 1:29:48]} c5 {[%clk 1:30:27]} 5. Bf4 {[%clk 1:27:11]} a6 {[%clk 1:20:57]}
6. e3 {[%clk 1:26:21]} Nc6 {[%clk 1:18:56]} 7. dxc5 {[%clk 1:22:09]} Bxc5
{[%clk 1:16:38]} 8. Ne5 {[%clk 1:18:15]} O-O {[%clk 1:10:41]} 9. Nxc6
{[%clk 1:17:01]} bxc6 10. Be5 Nd7 {[%clk 1:01:03]} 11. Bg3 {[%clk 1:14:36]} Ra7
{[%clk 0:51:36]} 12. Be2 {[%clk 1:11:55]} Bb4 {[%clk 0:42:26]} 13. Qc2
{[%clk 1:10:07]} Qa5 {[%clk 0:37:54]} 14. O-O {[%clk 1:08:12]} Nc5
{[%clk 0:27:37]} 15. Be5 {[%clk 0:59:01]} Nd7 {[%clk 0:27:00]} 16. Bd4
{[%clk 0:57:57]} c5 17. a3 {[%clk 0:56:26]} cxd4 {[%clk 0:25:37]} 18. axb4
{[%clk 0:56:35]} Qxb4 {[%clk 0:24:56]} 19. exd4 {[%clk 0:56:10]} dxc4
{[%clk 0:23:45]} 20. Ra4 {[%clk 0:54:53]} Qb8 {[%clk 0:21:56]} 21. Bxc4
{[%clk 0:48:45]} Nb6 {[%clk 0:21:24]} 22. Rb4 {[%clk 0:48:39]} Qd6
{[%clk 0:19:35]} 23. Qb3 {[%clk 0:45:37]} Nxc4 {[%clk 0:19:31]} 24. Rxc4
{[%clk 0:42:19]} Rb7 {[%clk 0:18:40]} 25. Qc2 {[%clk 0:40:45]} Bd7
{[%clk 0:18:57]} 26. Rd1 {[%clk 0:35:11]} Rfb8 {[%clk 0:18:59]} 27. Ne4
{[%clk 0:33:34]} Qd5 {[%clk 0:15:23]} 28. Rc1 {[%clk 0:30:33]} f5
{[%clk 0:09:27]} 29. Ng5 {[%clk 0:24:28]} g6 {[%clk 0:07:39]} 30. Qd2
{[%clk 0:20:43]} Rxb2 {[%clk 0:05:42]} 31. Qf4 {[%clk 0:21:00]} Rb1
{[%clk 0:04:37]} 32. Qh4 {[%clk 0:19:35]} h5 {[%clk 0:04:18]} 33. h3
{[%clk 0:16:33]} Qxc4 {[%clk 0:02:59]} 34. Rxb1 {[%clk 0:13:33]} Rxb1+
{[%clk 0:03:28]} 35. Kh2 {[%clk 0:13:42]} Qc7+ {[%clk 0:03:51]} 36. f4
{[%clk 0:12:46]} Qc1 {[%clk 0:03:38]} 37. Nf3 {[%clk 0:11:42]} Be8
{[%clk 0:02:31]} 38. Qd8 {[%clk 0:09:46]} Qxf4+ {[%clk 0:02:36]} 39. g3
{[%clk 0:08:15]} Rb2+ {[%clk 0:03:02]} 40. Kh1 {[%clk 0:05:59]} Qxf3+
{[%clk 0:03:29]} 0-1

[Event "WCO2014"]
[Site "Tromso"]
[Date "2014.08.09"]
[Round "7.36"]
[WhiteID "16600010"]
[White "Hernandez Roberto"]
[BlackID "11900059"]
[Black "Sanon Mondoly"]
[Result "0-1"]
[LiveChessVersion "1.4.3"]
[BlackElo "2012"]
[WhiteElo "1845"]

1. f4 {[%clk 1:30:52]} d5 {[%clk 1:30:34]} 2. Nf3 {[%clk 1:31:13]} Bf5
{[%clk 1:30:54]} 3. e3 {[%clk 1:31:16]} h6 {[%clk 1:30:37]} 4. d4
{[%clk 1:30:54]} e6 {[%clk 1:30:45]} 5. Bb5+ {[%clk 1:29:08]} c6 {[%clk 1:29:49]}
6. Be2 {[%clk 1:29:11]} Nf6 {[%clk 1:30:08]} 7. O-O {[%clk 1:27:23]} Nbd7
{[%clk 1:30:27]} 8. Nc3 {[%clk 1:27:24]} Bd6 {[%clk 1:30:26]} 9. Ne5
{[%clk 1:27:15]} Qc7 {[%clk 1:27:48]} 10. Bh5 {[%clk 1:25:04]} Nxh5
{[%clk 1:27:39]} 11. Qxh5 {[%clk 1:24:58]} Nxe5 {[%clk 1:28:00]} 12. fxe5
{[%clk 1:25:08]} Be7 {[%clk 1:27:27]} 13. Ne2 {[%clk 1:20:36]} Bg5
{[%clk 1:23:52]} 14. Nf4 {[%clk 1:18:10]} Bxf4 {[%clk 1:23:47]} 15. Rxf4
{[%clk 1:17:11]} Bxc2 {[%clk 1:24:09]} 16. Bd2 {[%clk 1:16:31]} Bg6
{[%clk 1:24:34]} 17. Qh4 {[%clk 1:15:24]} a5 {[%clk 1:22:53]} 18. b4
{[%clk 1:12:57]} b6 {[%clk 1:18:07]} 19. Qg4 {[%clk 1:11:13]} O-O
{[%clk 1:16:59]} 20. h4 {[%clk 1:11:19]} Qe7 {[%clk 1:17:05]} 21. h5
{[%clk 1:11:21]} Bf5 {[%clk 1:17:16]} 22. Qg3 {[%clk 1:04:17]} axb4
{[%clk 1:17:31]} 23. Qe1 {[%clk 1:03:28]} c5 {[%clk 1:17:48]} 24. g4
{[%clk 1:01:48]} Be4 {[%clk 1:17:45]} 25. Qg3 {[%clk 0:59:19]} b3
{[%clk 1:17:46]} 26. Bc3 {[%clk 0:56:32]} Rxa2 {[%clk 1:15:52]} 27. dxc5
{[%clk 0:53:06]} bxc5 {[%clk 1:15:22]} 28. Rf6 {[%clk 0:53:04]} gxf6
{[%clk 1:14:07]} 29. exf6 {[%clk 0:53:21]} Qa7 {[%clk 1:14:22]} 30. Rxa2
{[%clk 0:51:36]} Qxa2 {[%clk 1:14:39]} 31. g5 {[%clk 0:51:38]} Qg2+
{[%clk 1:14:23]} 32. Qxg2 {[%clk 0:51:44]} Bxg2 {[%clk 1:14:51]} 33. Kxg2
{[%clk 0:52:08]} Rb8 {[%clk 1:14:56]} 34. Bb2 {[%clk 0:51:23]} c4
{[%clk 1:15:23]} 35. Be5 {[%clk 0:47:42]} b2 {[%clk 1:15:39]} 36. Bxb8
{[%clk 0:47:27]} b1=Q 37. Bf4 {[%clk 0:47:30]} c3 {[%clk 1:16:09]} 38. Kf2
{[%clk 0:46:46]} c2 {[%clk 1:15:48]} 39. g6 {[%clk 0:47:08]} c1=Q 40. gxf7+
{[%clk 0:45:37]} Kxf7 {[%clk 1:16:32]} 41. Bxh6 {[%clk 0:45:20]} Qg1+
{[%clk 1:16:00]} 42. Kf3 {[%clk 0:45:22]} 0-1

[Event "WCO2014"]
[Site "Tromso"]
[Date "2014.08.09"]
[Round "7.35"]
[WhiteID "11900113"]
[White "Luxama Jacques Muller"]
[BlackID "16600037"]
[Black "Montel Jr Cyril Tomas"]
[Result "1-0"]
[LiveChessVersion "1.4.3"]
[BlackElo "1848"]
[WhiteElo "1893"]

1. e4 {[%clk 1:30:51]} c6 {[%clk 1:30:43]} 2. d4 {[%clk 1:30:58]} d5
{[%clk 1:31:08]} 3. exd5 {[%clk 1:29:32]} cxd5 {[%clk 1:31:26]} 4. Bd3
{[%clk 1:29:47]} Nc6 {[%clk 1:31:21]} 5. c3 {[%clk 1:30:07]} Nf6 {[%clk 1:29:44]}
6. Nf3 {[%clk 1:29:16]} Bg4 {[%clk 1:29:41]} 7. Bf4 {[%clk 1:29:26]} e6
{[%clk 1:29:11]} 8. Nbd2 {[%clk 1:29:33]} Bd6 {[%clk 1:28:07]} 9. Bg3
{[%clk 1:29:51]} Qc7 {[%clk 1:24:58]} 10. Qa4 {[%clk 1:29:18]} O-O
{[%clk 1:24:59]} 11. O-O {[%clk 1:22:25]} a6 {[%clk 1:22:47]} 12. Qc2
{[%clk 1:21:47]} Bxg3 {[%clk 1:20:46]} 13. fxg3 {[%clk 1:21:46]} Ne7
{[%clk 1:20:37]} 14. Ne5 {[%clk 1:21:31]} Bf5 {[%clk 1:20:38]} 15. Bxf5
{[%clk 1:17:22]} Nxf5 {[%clk 1:21:06]} 16. Qd3 {[%clk 1:14:48]} Nd6
{[%clk 1:17:58]} 17. Rf4 {[%clk 1:04:11]} Nfe4 {[%clk 1:16:56]} 18. Re1
{[%clk 1:00:14]} Nxd2 {[%clk 1:13:09]} 19. Qxd2 {[%clk 1:00:22]} Ne4
{[%clk 1:13:37]} 20. Qd3 {[%clk 0:57:05]} Rad8 {[%clk 1:13:09]} 21. Ng4
{[%clk 0:43:42]} f6 {[%clk 1:10:40]} 22. Nf2 {[%clk 0:38:22]} e5 {[%clk 1:06:12]}
23. dxe5 {[%clk 0:37:33]} Nxf2 {[%clk 1:06:07]} 24. Rxf2 {[%clk 0:35:28]} fxe5
{[%clk 0:59:24]} 25. Rxf8+ {[%clk 0:35:16]} Kxf8 {[%clk 0:46:22]} 26. Qxh7
{[%clk 0:33:58]} Qb6+ {[%clk 0:46:33]} 27. Kh1 {[%clk 0:33:00]} Qf6
{[%clk 0:46:28]} 28. Qh8+ {[%clk 0:29:10]} Kf7 {[%clk 0:42:43]} 29. Qh5+
{[%clk 0:29:28]} Ke6 {[%clk 0:42:48]} 30. Qg4+ {[%clk 0:29:26]} Kd6
{[%clk 0:43:02]} 31. Qb4+ {[%clk 0:29:11]} Kc7 {[%clk 0:43:15]} 32. Qc5+
{[%clk 0:26:28]} Kb8 {[%clk 0:43:31]} 33. Kg1 {[%clk 0:25:02]} Rf8
{[%clk 0:43:37]} 34. h3 {[%clk 0:24:38]} Rd8 {[%clk 0:38:25]} 35. Rf1
{[%clk 0:23:31]} Qd6 {[%clk 0:38:00]} 36. Qxd6+ {[%clk 0:21:05]} Rxd6
{[%clk 0:38:29]} 37. Rf7 {[%clk 0:20:56]} g6 {[%clk 0:38:44]} 38. Kf2
{[%clk 0:20:29]} Ka7 {[%clk 0:38:15]} 39. g4 {[%clk 0:20:16]} Rb6
{[%clk 0:27:08]} 40. b3 {[%clk 0:20:09]} Rc6 {[%clk 0:27:19]} 41. Rf3
{[%clk 0:18:50]} e4 {[%clk 0:24:43]} 42. Re3 {[%clk 0:18:46]} Rf6+
{[%clk 0:23:55]} 43. Kg3 {[%clk 0:18:40]} b5 {[%clk 0:21:34]} 44. b4
{[%clk 0:13:41]} Kb6 {[%clk 0:17:49]} 45. Kh4 {[%clk 0:13:30]} Kc6
{[%clk 0:13:22]} 46. Kg5 {[%clk 0:13:59]} Re6 {[%clk 0:13:28]} 47. h4
{[%clk 0:12:39]} Kd6 {[%clk 0:07:29]} 48. h5 {[%clk 0:12:15]} gxh5
{[%clk 0:07:35]} 49. gxh5 {[%clk 0:12:36]} Ke7 {[%clk 0:07:53]} 50. Kf5
{[%clk 0:11:17]} Kf7 {[%clk 0:07:56]} 51. a3 {[%clk 0:10:25]} Re8
{[%clk 0:20:24]} 52. g4 {[%clk 0:41:33]} Re6 {[%clk 0:20:42]} 53. g5
{[%clk 0:41:34]} Re8 {[%clk 0:21:11]} 54. h6 {[%clk 0:38:10]} Re6
{[%clk 0:20:08]} 55. h7 {[%clk 0:38:20]} Re8 {[%clk 0:20:36]} 56. Rh3
{[%clk 0:38:03]} Kg7 {[%clk 0:20:38]} 57. g6 {[%clk 0:36:59]} e3 {[%clk 0:17:25]}
58. h8=Q+ {[%clk 0:37:00]} Rxh8 {[%clk 0:17:54]} 59. Rxe3 {[%clk 0:37:15]} Rh5+
{[%clk 0:18:16]} 60. Ke6 {[%clk 0:37:26]} Kxg6 {[%clk 0:17:27]} 61. Rd3
{[%clk 0:37:15]} Kg7 {[%clk 0:17:14]} 62. Rxd5 {[%clk 0:36:29]} Rh1
{[%clk 0:12:49]} 63. Rd6 {[%clk 0:36:17]} Rh3 {[%clk 0:13:06]} 64. Rc6
{[%clk 0:35:32]} Rd3 {[%clk 0:09:39]} 65. Ke5 {[%clk 0:33:01]} Kf7
{[%clk 0:07:32]} 66. Ke4 {[%clk 0:33:22]} Rd1 {[%clk 0:07:18]} 67. Rxa6
{[%clk 0:33:26]} Ke7 {[%clk 0:07:36]} 68. Ra5 {[%clk 0:31:53]} Ra1
{[%clk 0:07:54]} 69. Rxb5 {[%clk 0:31:16]} Rxa3 {[%clk 0:08:22]} 70. Rc5
{[%clk 0:31:15]} Kd6 {[%clk 0:08:35]} 71. Kd4 {[%clk 0:31:04]} Ra1
{[%clk 0:08:04]} 72. Kc4 {[%clk 0:31:24]} Ra8 {[%clk 0:08:14]} 73. Rh5
{[%clk 0:30:44]} Rc8+ {[%clk 0:07:28]} 74. Kb3 {[%clk 0:29:29]} Rg8
{[%clk 0:07:23]} 75. c4 {[%clk 0:29:47]} Kc6 {[%clk 0:07:43]} 76. b5+
{[%clk 0:29:23]} Kb6 {[%clk 0:07:56]} 77. Kb4 {[%clk 0:29:15]} Rg4
{[%clk 0:07:56]} 78. Rh6+ {[%clk 0:29:08]} Kb7 {[%clk 0:08:25]} 79. Rd6
{[%clk 0:25:14]} Rh4 {[%clk 0:08:21]} 80. Kc5 {[%clk 0:25:15]} Rh5+
{[%clk 0:08:45]} 81. Rd5 {[%clk 0:25:14]} Rh8 {[%clk 0:09:14]} 82. Rd7+
{[%clk 0:25:05]} Kb8 {[%clk 0:08:50]} 83. b6 {[%clk 0:25:04]} Rh5+
{[%clk 0:08:26]} 84. Kb4 {[%clk 0:24:34]} Rh4 {[%clk 0:08:45]} 85. Kb5
{[%clk 0:24:15]} Rh5+ {[%clk 0:09:06]} 86. c5 {[%clk 0:24:24]} Rg5
{[%clk 0:09:24]} 87. Kc6 {[%clk 0:24:24]} Rg6+ {[%clk 0:09:16]} 88. Rd6
{[%clk 0:24:15]} Rg8 {[%clk 0:09:40]} 89. Kb5 {[%clk 0:21:04]} Rg5
{[%clk 0:10:05]} 90. Ka6 {[%clk 0:19:50]} Rxc5 {[%clk 0:09:19]} 91. Rd8+
{[%clk 0:20:07]} Rc8 {[%clk 0:08:10]} 92. Rxc8+ {[%clk 0:20:36]} Kxc8
{[%clk 0:08:28]} 93. Ka7 {[%clk 0:21:02]} 1-0

[Event "WCO2014"]
[Site "Tromso"]
[Date "2014.08.09"]
[Round "7.33"]
[WhiteID "11900032"]
[White "Bazil Joslin"]
[BlackID "16600150"]
[Black "Gonzales Dennis"]
[Result "1-0"]
[LiveChessVersion "1.4.3"]
[BlackElo "1720"]
[WhiteElo "1911"]

1. d4 {[%clk 1:30:52]} d5 {[%clk 1:30:38]} 2. c4 {[%clk 1:31:15]} Nf6
{[%clk 1:30:18]} 3. Nc3 {[%clk 1:31:37]} e6 {[%clk 1:30:13]} 4. Nf3
{[%clk 1:30:59]} Bb4 {[%clk 1:30:18]} 5. e3 {[%clk 1:30:51]} O-O {[%clk 1:28:58]}
6. a3 {[%clk 1:31:03]} Bxc3+ {[%clk 1:28:28]} 7. bxc3 {[%clk 1:31:31]} Ne4
{[%clk 1:27:34]} 8. Qc2 {[%clk 1:31:42]} Nf6 {[%clk 1:20:41]} 9. Bd3
{[%clk 1:31:19]} h6 {[%clk 1:20:35]} 10. O-O {[%clk 1:30:42]} Nc6
{[%clk 1:19:14]} 11. Re1 {[%clk 1:26:21]} Re8 {[%clk 1:16:52]} 12. cxd5
{[%clk 1:23:14]} exd5 {[%clk 1:13:02]} 13. c4 {[%clk 1:23:13]} Bg4
{[%clk 1:08:13]} 14. Nd2 {[%clk 1:22:43]} Nxd4 {[%clk 1:03:48]} 15. Qb1
{[%clk 1:21:57]} dxc4 {[%clk 1:02:18]} 16. Nxc4 {[%clk 1:18:50]} Qd7
{[%clk 0:55:08]} 17. Bb2 {[%clk 1:16:08]} Nc6 {[%clk 0:45:37]} 18. f3
{[%clk 1:11:06]} Bh5 {[%clk 0:43:17]} 19. Rd1 {[%clk 1:10:36]} Qe7
{[%clk 0:40:17]} 20. Bxf6 {[%clk 1:10:24]} Qxf6 {[%clk 0:38:53]} 21. Qxb7
{[%clk 1:10:15]} Ne5 {[%clk 0:34:51]} 22. Nxe5 {[%clk 1:05:46]} Qxe5
{[%clk 0:35:18]} 23. e4 {[%clk 1:05:51]} Red8 {[%clk 0:31:34]} 24. Bf1
{[%clk 1:05:35]} Qc5+ {[%clk 0:30:21]} 25. Kh1 {[%clk 1:05:51]} Rab8
{[%clk 0:29:09]} 26. Qa6 {[%clk 1:03:08]} Rxd1 {[%clk 0:26:46]} 27. Rxd1
{[%clk 1:03:16]} Rb2 {[%clk 0:25:46]} 28. Qd3 {[%clk 0:54:12]} Qf2
{[%clk 0:25:04]} 29. Qd4 {[%clk 0:53:46]} Qxd4 {[%clk 0:21:09]} 30. Rxd4
{[%clk 0:54:14]} f6 {[%clk 0:20:14]} 31. Kg1 {[%clk 0:53:56]} Kh7
{[%clk 0:19:53]} 32. Ra4 {[%clk 0:53:37]} Rb7 {[%clk 0:19:49]} 33. Ra6
{[%clk 0:53:20]} Be8 {[%clk 0:19:08]} 34. Kf2 {[%clk 0:51:34]} c5
{[%clk 0:19:03]} 35. Bc4 {[%clk 0:51:32]} Kg6 {[%clk 0:17:26]} 36. g4
{[%clk 0:51:41]} Rb2+ {[%clk 0:15:51]} 37. Kg3 {[%clk 0:52:03]} Rc2
{[%clk 0:14:50]} 38. Bd5 {[%clk 0:52:28]} c4 {[%clk 0:12:41]} 39. Rxa7
{[%clk 0:51:58]} c3 {[%clk 0:12:55]} 40. Rc7 {[%clk 0:52:09]} Rc1
{[%clk 0:12:48]} 41. h4 {[%clk 0:49:57]} c2 {[%clk 0:09:16]} 42. Kf4
{[%clk 0:50:18]} Kh7 {[%clk 0:05:57]} 43. Bb3 {[%clk 0:48:50]} Ba4
{[%clk 0:06:01]} 44. Bxa4 {[%clk 0:49:13]} Ra1 {[%clk 0:05:59]} 45. Bxc2
{[%clk 0:49:39]} Rxa3 {[%clk 0:05:28]} 46. e5+ {[%clk 0:49:43]} Kg8
{[%clk 0:04:51]} 47. e6 {[%clk 0:50:07]} g5+ {[%clk 0:00:37]} 48. hxg5
{[%clk 0:49:41]} fxg5+ {[%clk 0:00:48]} 49. Ke5 {[%clk 0:49:55]} Re3+
{[%clk 0:30:50]} 50. Be4 {[%clk 1:21:17]} 1-0

[Event "WCO2014"]
[Site "Tromso"]
[Date "2014.08.09"]
[Round "7.28"]
[WhiteID "21300020"]
[White "Klaas Tokelo"]
[BlackID "21501564"]
[Black "Masrhi Abdulrahman A"]
[Result "1/2-1/2"]
[LiveChessVersion "1.4.3"]
[BlackElo "1746"]
[WhiteElo "1653"]

1. d4 {[%clk 1:30:36]} d5 {[%clk 1:30:46]} 2. c4 {[%clk 1:30:27]} c6
{[%clk 1:30:37]} 3. cxd5 {[%clk 1:28:49]} cxd5 {[%clk 1:30:56]} 4. Nc3
{[%clk 1:29:00]} Nf6 {[%clk 1:30:17]} 5. Nf3 {[%clk 1:28:53]} Nc6
{[%clk 1:30:18]} 6. e3 {[%clk 1:28:52]} a6 {[%clk 1:28:53]} 7. Bd3
{[%clk 1:28:15]} e6 {[%clk 1:27:33]} 8. O-O {[%clk 1:28:08]} Bd6 {[%clk 1:27:41]}
9. Bd2 {[%clk 1:25:50]} O-O {[%clk 1:26:04]} 10. a3 {[%clk 1:25:53]} e5
{[%clk 1:25:34]} 11. dxe5 {[%clk 1:24:01]} Nxe5 {[%clk 1:25:41]} 12. Be2
{[%clk 1:23:44]} Ng6 {[%clk 1:17:37]} 13. Qb3 {[%clk 1:22:02]} Rb8
{[%clk 1:14:39]} 14. Rfd1 {[%clk 1:19:49]} h6 {[%clk 1:08:29]} 15. h3
{[%clk 1:19:10]} Be6 {[%clk 1:08:36]} 16. Nd4 {[%clk 1:17:43]} Qd7
{[%clk 1:03:11]} 17. Nxe6 {[%clk 1:07:38]} fxe6 {[%clk 0:58:13]} 18. Rac1
{[%clk 1:05:07]} Qf7 {[%clk 0:52:36]} 19. Be1 {[%clk 1:02:32]} Rbc8
{[%clk 0:50:16]} 20. Qa2 {[%clk 0:51:49]} Nh4 {[%clk 0:47:58]} 21. Qb1
{[%clk 0:48:04]} Nf5 {[%clk 0:44:47]} 22. Bd3 {[%clk 0:42:59]} Ne7
{[%clk 0:44:12]} 23. Be2 {[%clk 0:40:46]} Nf5 {[%clk 0:41:21]} 24. Bd3
{[%clk 0:40:28]} Nh4 {[%clk 0:39:08]} 25. Bf1 {[%clk 0:38:59]} Nf5
{[%clk 0:33:15]} 26. Bd3 {[%clk 0:36:39]} Rc7 {[%clk 0:32:30]} 27. Bxf5
{[%clk 0:36:39]} exf5 {[%clk 0:32:30]} 28. Qxf5 {[%clk 0:36:28]} Rcc8
{[%clk 0:32:38]} 29. Rb1 {[%clk 0:36:09]} Rfe8 {[%clk 0:33:00]} 30. Nxd5
{[%clk 0:34:54]} Nxd5 {[%clk 0:32:41]} 31. Qxd5 {[%clk 0:34:20]} Qxd5
{[%clk 0:32:36]} 32. Rxd5 {[%clk 0:34:10]} Be5 {[%clk 0:32:52]} 33. f4
{[%clk 0:31:52]} Bf6 {[%clk 0:33:05]} 34. Kf2 {[%clk 0:31:39]} g5
{[%clk 0:29:47]} 35. g3 {[%clk 0:30:54]} gxf4 {[%clk 0:30:03]} 36. gxf4
{[%clk 0:30:23]} Rc2+ {[%clk 0:24:30]} 37. Rd2 {[%clk 0:28:53]} Rec8
{[%clk 0:23:53]} 38. Ke2 {[%clk 0:28:40]} b5 {[%clk 0:22:37]} 39. Kd3
{[%clk 0:24:00]} R2c7 {[%clk 0:21:25]} 40. Rg2+ {[%clk 0:22:17]} Kf7
{[%clk 0:21:32]} 41. Bb4 {[%clk 0:21:41]} Rd7+ {[%clk 0:20:19]} 42. Ke2
{[%clk 0:20:38]} Rc4 {[%clk 0:19:09]} 43. Kf3 {[%clk 0:20:20]} Rd3
{[%clk 0:17:57]} 44. Re1 {[%clk 0:18:37]} h5 {[%clk 0:16:47]} 45. Ree2
{[%clk 0:18:07]} Rd1 {[%clk 0:15:56]} 46. e4 {[%clk 0:14:48]} Bd4
{[%clk 0:11:58]} 47. Kg3 {[%clk 0:12:49]} Rd3+ {[%clk 0:11:56]} 48. Kh2
{[%clk 0:09:47]} Rf3 {[%clk 0:11:43]} 49. e5 {[%clk 0:04:09]} Be3
{[%clk 0:10:17]} 50. e6+ {[%clk 0:23:39]} Kf6 {[%clk 0:40:57]} 51. Bc3+
{[%clk 0:22:40]} Kxe6 {[%clk 0:32:35]} 52. Bd2 {[%clk 0:21:06]} Re4
{[%clk 0:32:18]} 53. Bxe3 {[%clk 0:20:15]} Rexe3 {[%clk 0:32:20]} 54. Rxe3+
{[%clk 0:20:17]} Rxe3 {[%clk 0:32:42]} 55. Rg6+ {[%clk 0:19:44]} Kf5
{[%clk 0:32:56]} 56. Rxa6 {[%clk 0:19:34]} Kxf4 {[%clk 0:32:09]} 57. Rf6+
{[%clk 0:19:25]} Kg5 {[%clk 0:32:13]} 58. Rf2 {[%clk 0:18:14]} 1/2-1/2